All Piggy Skins - Statistics

General Stats
  • This quiz has been taken 94 times
    83 since last reset
  • The average score is 83 of 131
Answer Stats
Type: Price Skin % Correct
Book 1: Free Piggy
100%
Book 1: 275 Doggy
92%
Book 1: 50 Little Brother
88%
Book 1: 450 Zizzy
88%
Book 1: 100 Father
84%
Book 1: 125 Grandmother
84%
Book 1: 75 Mother
84%
Secret Ending (Plant) Mr. P
84%
Book 1: 260 Pony
84%
Extra: 300 Pumpiggy
84%
Book 1: 525 Budgey
80%
Book 1: 310 Elly
80%
Book 1: 300 Foxy
80%
Book 1: 460 Ghosty
80%
Book 1: 225 Kitty
80%
Book 1: 150 Sheepy
80%
Book 1: 550 Torcher
80%
Book 1: 250 Angel
76%
Book 1: 335 Badgy
76%
Book 1: 290 Beary
76%
Book 1: 350 Bunny
76%
Alternates: Season Reward Bunny (Alternate)
76%
Book 1: 385 Clowny
76%
Book 1: 270 Devil
76%
Book 1: 285 Giraffy
76%
Secret Quest Mrs. P
76%
Book 2: 300 Rash
76%
Book 1: 315 Soldier
76%
Book 2: 650 Twins
76%
Book 1 + 2 Pages Willow
76%
Book 1: 325 Zompiggy
76%
Book 2: 450 Alfis
72%
Book 2: 375 Dessa
72%
Book 1: 240 Dinopiggy
72%
Beat Mansion Duocara
72%
Winter Hunt Frostiggy
72%
April Fools Gurty
72%
Book 2: 700 Kraxicorde
72%
Secret Quest Laura
72%
Book 1: 200 Memory
72%
Spooky Hunt Mr. Stitchy
72%
Book 1: 160 Pandy
72%
Book 2: 350 Pandy (Uniform)
72%
Secret Quest Phenna
72%
Book 1: 475 Robby
72%
Book 1 Pages Sentinel
72%
Book 1: 375 Skelly
72%
Book 1: 175 Teacher
72%
Book 1: 400 Tigry
72%
Book 2: 415 Tigry (Uniform)
72%
Book 2: 385 Archie
68%
Extra: 500 Crove
68%
Alternates: Season Reward Crove (Alternate)
68%
Book 2: 460 Dakoda
68%
Book 2: 485 Delta
68%
Book 2 Pages (Alternate) Distorted Penny
68%
Book 2: 325 Katie
68%
Book 1: 235 Mimi
68%
Book 1: 415 Mousy
68%
Jailbreak Collab Poley
68%
Book 2: 400 Raze
68%
Extra: 375 Reindessa
68%
Distorted Holiday Sam
68%
Book 2: 725 Silzous
68%
Extra: 1000 Sparky
68%
Secret Ending (Lab) ??? (TIO)
68%
Alternates: Season Reward Badgy (Alternate)
64%
Beat The Hunt Blatt
64%
Alternates: Season Reward Katie (Alternate)
64%
Book 2: 425 Markus
64%
Pig 64 Quest Nor
64%
Spooky Hunt Owell
64%
April Fools Pickle
64%
April Fools Piggy.EXE
64%
Book 2: 625 Spidella
64%
Season Reward Anteo
60%
Season Reward Bakari
60%
Egg Hunt Bess
60%
Book 1: 500 Billy
60%
Metallica Collab Elektra
60%
Extra: 500 Fergus
60%
Extra: 500 Glenn
60%
Egg Hunt Gold Piggy
60%
User-Exclusive: 15 Moopie
60%
Book 2: 275 Officer Doggy
60%
Beat Breakout Ombra
60%
Winter Hunt Primrose
60%
Beat Decay 2 The Chained
60%
Beat Decay Decaying Infected
56%
Book 2: 475 Felix
56%
Book 2: 425 Kolie
56%
User-Exclusive: 15 Lisa
56%
Book 2: 500 Mari
56%
Extra: 500 Marley Russell
56%
Book 1: 425 Parasee
56%
Tower Heroes Collab Percy
56%
PHIGHTING! Collab Boris
52%
M3GAN Collab Centrell
52%
Book 1: 245 Daisy
52%
Book 2: 550 Kamosi
52%
Alternates: Season Reward Kamosi (Alternate)
52%
Book 2: 335 Kona
52%
Season Reward Krampiggy
52%
User-Exclusive: 15 Moonie
52%
User-Exclusive: 15 Pickle Rick
52%
Season Reward Rachna
52%
Season Reward The Jawbreaker
52%
Book 2: 465 Tobi
52%
Extra: 500 Jakayla
48%
Season Reward Mr. Bliss
48%
Extra: 500 Shardantus
48%
Season Reward Skuld
48%
Flee the Facility Collab Sterling
48%
Secret Quest The Prototype
48%
Secret Quest Bela
44%
Alternates: Season Reward Bunny (Twilight)
44%
Season Reward Carver
44%
Season Reward Gryffyn
44%
Pig 64 Quest Hornz
44%
Season Reward Meisery
44%
Pig 64 Quest Vulture
44%
Alternates: Season Reward Zizzy (Soldier)
44%
Alternates: Season Reward Duocara (Mayor)
40%
Alternates: Season Reward Sheepy (Twilight)
40%
User-Exclusive: 15 Mega Tank
36%
Alternates: 215 Sheepy (Scientist)
36%
Alternates: Season Reward Kona (Mad Scientist)
28%
Alternates: Season Reward Teacher (Decayed)
28%
April Fools 2D Gurty
20%
User-Exclusive: 15 Willer
16%
Alternates: User-Exclusive: 15 Moonie (Festive)
4%
No matching quizzes found
Score Distribution
Percent of People with Each Score
Percentile by Number Answered
Your Score History
You have not taken this quiz since the last reset